| 000 | 00573nam a22001457a 4500 | ||
|---|---|---|---|
| 003 | OSt | ||
| 005 | 20150912155929.0 | ||
| 008 | 150912b xxu||||| |||| 00| 0 eng d | ||
| 040 | _cRUA | ||
| 082 | _aAGR CHI 1996 BOO17 Or.1 | ||
| 100 |
_9346 _aCHIM, SOMONY |
||
| 245 | _aNatural enemies of isnsect pests in rice ecosystem, ( សត្រូវធម្មជាតិរបស់សត្វល្អិិតស៊ីស្រូវនៅលើប្រព័ន្ធបរិស្ថានដំណាំស្រូវ). | ||
| 300 |
_a78p. _bill. _c29cm. |
||
| 942 |
_2ddc _cAGR |
||
| 999 |
_c325 _d325 |
||